000 00687nam a2200193 i 4500
001 161646
003 ES-MaACL
005 20251005063126.0
008 041022s1881 it |||| | ita d
100 1 _aPellico, Silvio,
_d1789-1854
_9130947
245 1 3 _aLe mie prigioni
_b: tragedie scelte : volume unico /
_cSilvio Pellico.
250 _a2ª ed. stereotipa.
260 _aMilano :
_bEdoardo Sonzogno,
_c1881.
300 _a346 p. ;
_c19 cm.
505 8 _aContiene las tragedias: ;
_tFrancesca da Rimini ;
_tEufemio di Messina ;
_tEster d'Engaddi ;
_tIginia d'Asti
752 _aItalia -
_dMilán
852 _aES-MaACL
_jC-3017
_z- Enc. hol.
999 _c161646
_d161646